acronymes psychiatrie - Statistiques

Statistiques générales
  • Ce quiz a été pris 4 fois
  • Le résultat moyen est 7 sur 15
Statistiques - réponses
acronyme signification % Correct
TOC trouble obsessionnel compulsif
100%
AAH allocation adulte handicap
75%
CMP centre médico psychologique
75%
HP hôpital psychiatrique
75%
TCC therapie comportementale et cognitive
50%
TCA trouble du comportement alimentaire
50%
BDA bouffee delirante aigue
25%
CATTP centre d'activite thérapeutique à temps partiel
25%
EPSM etablissement public en sante mentale
25%
PMI protection maternelle et infantile
25%
PMD psychose maniaco depressive
25%
SPI soins en cas de peril imminent
25%
SDRE soins sur demande dun representant de letat
25%
TDAH trouble deficit de lattention avec ou sans hyperactivite
25%
UMD unite pour malade difficile
25%
Aucun quiz correspondant
Distribution des résultats
% des personnes avec chaque résultat
Percentile par nombre de réponses
Votre historique - résultats
Vous n’avez pas pris ce quiz